Hybridné solárne články so zadnou uhlíkovou elektródou

Gespeichert in:
Bibliographische Detailangaben
1. Verfasser: Pavličková, Michaela (Verfasst von)
Weitere Verfasser: Mikula, Milan (Betreuung Doktorarbeit)
Format: Manuskript Buch
Sprache:Slowakisch
Veröffentlicht: 2017
Schlagworte:
Online-Zugang:http://is.stuba.sk/zp/portal_zp.pl?podrobnosti=118630
Tags: Tag hinzufügen
Keine Tags, Fügen Sie das erste Tag hinzu!

MARC

LEADER 00000ntm a22000003a 4500
001 stuzp65045
003 SK-STU
005 20170715211100.4
007 ta
008 150427s2015----xo-----f-mn---000-0-slo-d
040 |a STU  |b slo 
041 0 |a slo 
100 1 |a Pavličková, Michaela  |u 049160  |4 aut  |U FCHPT Ústav prírodných a syntetických polymérov  |T FCHPT Oddelenie polygrafie a aplikovanej fotochémie  |X 76464  |U C9160  |Y 127  |7 76464 
242 0 1 |a Hybrid solar cell with a rear carbon electrode  |y eng 
245 1 0 |a Hybridné solárne články so zadnou uhlíkovou elektródou 
260 |c 2017 
650 4 |a uhlík  |2 slo 
650 4 |a perovskit  |2 slo 
650 4 |a solárny článok  |2 slo 
650 4 |a perovskite  |2 eng 
650 4 |a carbon  |2 eng 
650 4 |a solar cell  |2 eng 
700 1 |a Mikula, Milan  |u 049160  |k Z1  |4 ths  |U FCHPT Ústav prírodných a syntetických polymérov  |T FCHPT Oddelenie polygrafie a aplikovanej fotochémie  |X 3335  |U C9160  |Y 127  |7 A000003335 
856 4 |u http://is.stuba.sk/zp/portal_zp.pl?podrobnosti=118630